High-Entropy Alloys (Record no. 608941)
[ view plain ]
| 000 -LEADER | |
|---|---|
| fixed length control field | 00260nam a22001217a 4500 |
| 040 ## - CATALOGING SOURCE | |
| Transcribing agency | SCME |
| 100 ## - MAIN ENTRY--PERSONAL NAME | |
| Personal name | B.SMurty,J.W.Yeh |
| 9 (RLIN) | 122447 |
| 245 ## - TITLE STATEMENT | |
| Title | High-Entropy Alloys |
| 250 ## - EDITION STATEMENT | |
| Edition statement | 2nd ed. |
| 260 ## - PUBLICATION, DISTRIBUTION, ETC. | |
| Place of publication, distribution, etc. | US |
| Name of publisher, distributor, etc. | Elesvier |
| Date of publication, distribution, etc. | 2019 |
| 300 ## - PHYSICAL DESCRIPTION | |
| Extent | 363p. |
| 942 ## - ADDED ENTRY ELEMENTS (KOHA) | |
| Source of classification or shelving scheme | |
| Koha item type | Book |
| Withdrawn status | Lost status | Source of classification or shelving scheme | Damaged status | Not for loan | Permanent Location | Current Location | Shelving location | Date acquired | Total Checkouts | Full call number | Barcode | Date last seen | Price effective from | Koha item type |
|---|---|---|---|---|---|---|---|---|---|---|---|---|---|---|
| School of Chemical & Materials Engineering (SCME) | School of Chemical & Materials Engineering (SCME) | Book Cart | 04/23/2024 | 620.11 M9847H | SCME-4870 | 04/23/2024 | 04/23/2024 | Book |
